00803cam a22002414a 4500999001500000001000600015003000900021005001700030008004100047020001500088040003300103082002000136100001800156245006300174250001200237260005300249300004500302500002000347650002100367650002500388942001200413952013600425 c5434d543417632BD-DhUAP20201210162647.0201210r20112010ii a b 001 0 eng  a8121916666 aDNLM/DLCcDLCdBD-DhUAPbeng00a620.106 RAJ223 aRajput, R. K. aA textbook of fluid mechanics in SI units /cR. K. Rajput. a4th ed. aNew Delhi : bS. Chand,cc2010 [Reprinted 2011]. avarious pages :billustrations ;c24 cm. aIncludes index. aFluid mechanics. aHydraulic machinery. 2ddccBK 00102ddc4070aUAPCLbUAPCLcGeneral Stacksd2020-12-10l2m3o620.106 RAJp3010017632r2025-11-03s2025-09-22t1w2020-12-10yBK